Click the Resident Quiz Stats

Quiz Updated Jun 19, 2012

Also try: Fictional Places
Challenge
Share
Tweet
Embed
Score 0/25 Timer 05:00
0 Plays Today
% Correct
Bruce Wayne|Batman
90.5%
SpongeBob SquarePants
89.9%
President of the U.S. (The White House)
84.3%
Clampetts (The Beverly Hillbillies)
80.9%
NBC Studios
76.2%
Superman and Lois Lane
75.1%
Donald Duck
74.6%
Griffin Family (Family Guy)
72%
Anne Frank
68.9%
Sherlock Holmes
68.9%
Simpson Family (The Simpsons)
68.7%
Prime Minister of the U.K.
67.3%
Bar in 'Cheers'
66.1%
% Correct
Addams Family
66%
Dursley Family (Harry Potter books)
65.5%
Flintstones
59.6%
Hank and Peggy Hill (King of the Hill)
59.3%
Montgomery Burns (The Simpsons)
59.1%
Taylor Family (The Andy Griffith Show)
56.1%
Flanders Family (The Simpsons)
50.7%
Bundy Family (Married…with Children)
43.3%
Hercule Poirot (Agatha Christie books)
42.3%
Radar|Walter O’Riley (M*A*S*H)
39%
Munsters
37.2%
Bunker Family (All In the Family)
30.4%

You're not logged in!

Compare scores with friends on all Sporcle quizzes.
Sign Up with Email
OR
Log In

You Might Also Like...

Show Comments

Extras

Top Quizzes Today


Score Distribution

Your Account Isn't Verified!

In order to create a playlist on Sporcle, you need to verify the email address you used during registration. Go to your Sporcle Settings to finish the process.